LEADER 02276nam0 2200445 i 450 001 RMG0028362 005 20251003044337.0 010 $a8814068941 020 $aIT$b99-2692 100 $a20240104d1998 ||||0itac50 ba 101 | $aita 102 $ait 181 1$6z01$ai $bxxxe 182 1$6z01$an 183 1$6z01$anc$2RDAcarrier 200 1 $aQuale banca per il Sud$eun'analisi a livello regionale della domanda e dell'offerta di credito$fa cura di Roberto Ruozi 210 $aMilano$cA. Giuffrè$d1998 215 $aXV, 250 p.$d24 cm. 225 | $aQuaderni della fondazione. Centro ricerche Economiche "Angelo Curella". Nuova serie$iQuaderni della Fondazione Centro ricerche economiche Angelo Curella$v11 410 0$1001UR10004009$12001 $aQuaderni della fondazione. Centro ricerche Economiche "Angelo Curella". Nuova serie$i*Quaderni della Fondazione Centro ricerche economiche Angelo Curella$v11$171202$aFondazione Centro ricerche economiche Angelo Curella$3CFIV230580$4070 606 $aBanche$xItalia meridionale$x1985-1995$2FIR$3CFIC104181$9I 606 $aCredito bancario$xItalia meridionale$x1985-1995$2FIR$3CFIC104182$9I 676 $a332.1$9BANCHE$v21 676 $a332.109457$9BANCHE. Italia meridionale$v21 676 $a332.309457$9$v12 696 $aIstituti di credito$aSistemi bancari$aBanchi $aIndustria bancaria 699 $aBanche$yIstituti di credito 699 $aBanche$ySistemi bancari 699 $aBanche$yBanchi 699 $aBanche$yIndustria bancaria 702 1$aRuozi$b, Roberto$f <1939- >$3CFIV004630 801 3$aIT$bIT-000000$c20240104 850 $aIT-BN0095 $aIT-SA0200 901 $bNAP 63$cMOD $n$ 901 $bNAP 01$cPOZZO LIB.$nVi sono collocati fondi di economia, periodici di ingegneria e scienze, periodici di economia e statistica e altri fondi comprendenti documenti di economia pervenuti in dono. 912 $aRMG0028362 950 0$aBiblioteca Centralizzata di Ateneo$c1 v.$d 01POZZO LIB.ECON MON 4565$e 0101 0000117735E VMA 1 v.$fB $h20210324$i20210324 977 $a 01$a 63 996 $aQuale banca per il sud$9466976 997 $aUNISANNIO